000 00336nam a2200145Ia 4500
003 OSt
008 191201s2014 xx 000 0 und d
082 _a150
_bNIP
100 _aNIRMALA,J
245 0 _aPsychology of Learning and Human Development
260 _bNeel Kamal Pub
_c2014
300 _a2014
650 _aMBA
942 _2ddc
_cBK
999 _c7013
_d7013